00660nam a2200193 i 450000100060000000300090000600500170001500700030003200800410003524500660007626000460014230000220018849000280021070000240023883000330026285200320029599900170032795201220034482831ES-MaACL20250830063928.0t|041112s1972 sp ||||1| spa d03aLa Iglesia, sacramento de libertad / cI.M. Sans... [et al.]. aBilbao : bUniversidad de Deusto, c1972. a209 p. ; c23 cm.1 aTeología Deusto ; v11 aSans, I. M.910320200aTeología Deustov19185747 aES-MaACLjC-49391 bR.84089 c82831d82831 00104070aATENEOMbATENEOMcDEPO2d2008-01-17eSCl0oC-49391p1086564r2023-02-23 00:00:00w2023-02-23yMONOGRAFIA